Logo Quiz Réseaux sociaux par images ! - Statistiques

Statistiques générales
  • Ce quiz a été pris 1 439 fois
  • Le résultat moyen est 13 sur 17
Statistiques - réponses
Par images Réponse % Correct
YouTube
100%
Snapchat
95%
Instagram
94%
Twitter
94%
Facebook
93%
TikTok
93%
WhatsApp
90%
Messenger
89%
Pinterest
86%
Skype
86%
Twitch
85%
Discord
82%
LinkedIn
64%
Reddit
55%
Teams
55%
Dailymotion
30%
Quora
19%
Aucun quiz correspondant
Distribution des résultats
% des personnes avec chaque résultat
Percentile par nombre de réponses
Votre historique - résultats
Vous n’avez pas pris ce quiz